Non-linear time series : a dynamical system approach /

Guardado en:
Autor Principal: Tong, Howell.
Formato: Libro
Idioma:English
Publicado: Oxford : New York : Clarendon Press ; Oxford University Press, 1990.
Series:Oxford statistical science series ; 6
Materias:
Etiquetas: Agregar Etiqueta
Sin Etiquetas, Sea el primero en etiquetar este registro!
LEADER 00869pam a2200253 a 4500
001 MAT.inmabb003696
008 891025s1990####enka#####b####001#0#eng##
005 20160210121429.0
245 1 0 |a Non-linear time series :  |b a dynamical system approach /  |c Howell Tong. 
260 |a Oxford :  |b Clarendon Press ;  |a New York :  |b Oxford University Press,  |c 1990. 
300 |a xvi, 564 p. :  |b il. ;  |c 24 cm. 
440 0 |a Oxford statistical science series ;  |v 6 
504 |a Incluye referencias bibliográficas (p. [536]-552) e índices. 
510 4 |a MR,  |c 92a:62141 
020 |a 0198523009 (pbk.) 
020 |a 019852224X 
100 1 |a Tong, Howell. 
246 3 |a Nonlinear time series 
650 0 |a Time-series analysis. 
650 0 |a Nonlinear theories. 
084 |a 62M10 (34D08)  |2 MR 
010 |a  89029697  
040 |a DLC  |c DLC  |d DLC 
859 |h 62  |i T665n  |p A-6764  |b BIB. MATEMATICA